Vztah mezi saldem hospodaření a dluhem vládních institucí

Analýza medzinárodných údajov, nevyhnutných pre hodnotenie dlhodobej udržateľnosti verejných financií. Vymedzenie sektoru vládnych inštitúcií ako takého, ktorý je zásadný pre vypovedajúcu schopnosť výsledných agregátov. Priblíženie podstaty tzv. maastrichtských kritérií, ktorých plnenie je prostredn...

Descrizione completa

Salvato in:
Dettagli Bibliografici
Autore principale: Rybáček, Václav
Altri autori: Musil, Petr
Natura: Capitolo di libro
Lingua:ceco
Soggetti:
Tags: Aggiungi Tag
Nessun Tag, puoi essere il primo ad aggiungerne!!

MARC

LEADER 00000naa a2200000 4500
001 0268301
005 20200908104341.2
041 0 |a cze 
044 |a CZ 
245 1 0 |a Vztah mezi saldem hospodaření a dluhem vládních institucí  |c Václav Rybáček, Petr Musil 
520 |a Analýza medzinárodných údajov, nevyhnutných pre hodnotenie dlhodobej udržateľnosti verejných financií. Vymedzenie sektoru vládnych inštitúcií ako takého, ktorý je zásadný pre vypovedajúcu schopnosť výsledných agregátov. Priblíženie podstaty tzv. maastrichtských kritérií, ktorých plnenie je prostredníctvom riešených údajov sledované. Vzťah medzi saldom hospodárenia a dlhom, vrátane obsahu agregátov SFA (tzv. stock-flow adjustments). Dva alternatívne stavové ukazovatele, tj. čistý dlh a čisté imanie. 
610 2 0 |a rovnováha 
610 2 0 |a saldo 
610 2 0 |a dlhy 
610 2 0 |a vláda 
610 2 0 |a štatistika finančná 
610 2 0 |a imanie 
100 1 |a Rybáček, Václav 
700 1 |a Musil, Petr